| 000 | nam a22 7a 4500 | ||
|---|---|---|---|
| 999 |
_c17163 _d17163 |
||
| 008 | 161122b xxu||||| |||| 00| 0 eng d | ||
| 050 | _aDG 734.23 .L57 1999 | ||
| 100 |
_aListri,Massimo. _d1999 |
||
| 245 |
_aHidden tuscany: _bunusual destinations and secret places. |
||
| 260 |
_aNY: _bRizzoli, _c1999. |
||
| 300 | _a191p. | ||
| 942 |
_2lcc _cBOOKS _hDG 734.23 .L57 1999 |
||